Hanya Ingin Kau Tahu / (Record no. 203422)

MARC details
000 -LEADER
fixed length control field 00889nam a2200265 i 4500
005 - DATE AND TIME OF LATEST TRANSACTION
control field 20260315105521.0
008 - FIXED-LENGTH DATA ELEMENTS--GENERAL INFORMATION
fixed length control field 260312t20252025my a gr 000 1 may d
020 ## - INTERNATIONAL STANDARD BOOK NUMBER
International Standard Book Number 9786299626701
Terms of availability RM46.00
Qualifying information paperback
040 ## - CATALOGING SOURCE
Original cataloging agency PPAK
Language of cataloging eng
Transcribing agency PPAK
Description conventions rda
082 04 - DEWEY DECIMAL CLASSIFICATION NUMBER
Edition number 23
Classification number 899.2333
090 00 - LOCALLY ASSIGNED LC-TYPE CALL NUMBER (OCLC); LOCAL CALL NUMBER (RLIN)
Classification number (OCLC) (R) ; Classification number, CALL (RLIN) (NR) 899.2333
Feature heading MSR
Feature heading G
100 0# - MAIN ENTRY--PERSONAL NAME
Personal name MsRoses,
Relator term author.
245 10 - TITLE STATEMENT
Title Hanya Ingin Kau Tahu /
Statement of responsibility, etc. MSROSES ; Penyunting: Ainul Tajul ; Ilustrasi objek: Cutiepie_ces
264 #1 - PRODUCTION, PUBLICATION, DISTRIBUTION, MANUFACTURE, AND COPYRIGHT NOTICE
Place of production, publication, distribution, manufacture Skudai, Johor Darul Ta'zim,
Name of producer, publisher, distributor, manufacturer Ink Loaf Publication,
Date of production, publication, distribution, manufacture, or copyright notice [2025?]
Date of production, publication, distribution, manufacture, or copyright notice ©2025
300 ## - PHYSICAL DESCRIPTION
Extent 505 pages :
Other physical details illustrations ;
Dimensions 21 cm
336 ## - CONTENT TYPE
Content type term text
Source rdacontent
337 ## - MEDIA TYPE
Media type term unmediated
Source rdamedia
338 ## - CARRIER TYPE
Carrier type term volume
Source rdacarrier
650 10 - SUBJECT ADDED ENTRY--TOPICAL TERM
Topical term or geographic name entry element Malay fiction
Topical term or geographic name entry element Malaysian fiction
700 0# - ADDED ENTRY--PERSONAL NAME
Personal name Ainul Tajul,
Relator term editor.
710 2# - ADDED ENTRY--CORPORATE NAME
Corporate name or jurisdiction name as entry element Cutiepie_ces,
Relator term illustrator.
942 ## - ADDED ENTRY ELEMENTS (KOHA)
Source of classification or shelving scheme Dewey Decimal Classification
Koha item type Book
Holdings
Withdrawn Not for loan Current library Shelving location Date acquired Total Checkouts Full call number Barcode Date last seen Koha item type
Edaran   Perpustakaan Alor Setar Pinjaman Dewasa 18/03/2026   899.2333 MSR A01904471 18/03/2026 Book
    Perpustakaan Awam Sungai Petani Pinjaman Dewasa 18/03/2026   899.2333 MSR A01904472 18/03/2026 Book
    Perpustakaan Baling Pinjaman Dewasa 18/03/2026   899.2333 MSR A01904476 18/03/2026 Book
    Perpustakaan Bandar Baharu Pinjaman Dewasa 18/03/2026   899.2333 MSR A01904477 18/03/2026 Book
    Perpustakaan Jitra Pinjaman Dewasa 18/03/2026   899.2333 MSR A01904473 18/03/2026 Book
    Perpustakaan Kuala Nerang Pinjaman Dewasa 18/03/2026   899.2333 MSR A01904481 18/03/2026 Book
    Perpustakaan Kulim Pinjaman Dewasa 18/03/2026   899.2333 MSR A01904475 18/03/2026 Book
    Perpustakaan Langkawi Pinjaman Dewasa 18/03/2026   899.2333 MSR A01904474 18/03/2026 Book
    Perpustakaan Merbok Pinjaman Dewasa 18/03/2026   899.2333 MSR A01904478 18/03/2026 Book
    Perpustakaan Pendang Pinjaman Dewasa 18/03/2026   899.2333 MSR A01904482 18/03/2026 Book
    Perpustakaan Sik Pinjaman Dewasa 18/03/2026   899.2333 MSR A01904480 18/03/2026 Book
    Perpustakaan Yan Pinjaman Dewasa 18/03/2026   899.2333 MSR A01904479 18/03/2026 Book